01527nam a2200289 a 4500001001000000005001700010008004100027041000800068044000700076084002000083100004500103245009800148260003000246300002400276500006900300500025600369500021200625500006800837500001000905546002500915650005200940650005600992650003401048650004501082700006001127740005001187BRCA_310520190320204120.0280109s1846----fr-a---###---#000-0dfre-u afre afr a411b.R46c18461 aCervantes Saavedra, Miguel ded1547-161610aHistoire de l´Ingénieux Seigneur Don Quichotte de la ManchecMiguel de Cervantes Saavedra. aParísbB. Renaultc1846 a407 p.bil.c25 cm. aContenido : Prólogo del autor. Texto en ambas partes abreviado aEdición : Traduite sur le texte original por Filleau de Saint-Martin. Nouvelle edition revue et corrigée d´aprés les traductions comparées de Oudin et Rosset, Florian, Bouchon-Dubournial et Delaunay, F. de Brotonne, etc. Ornée de 8 gravures aCopia de la primera edición de 1845 del mismo editor. Contiene el prólogo muy abreviado y el texto de ambas partes. Impresión y papel deficientes. Semipiel; lomera decorada con dorados Lúdovik Osterc aEstado físico : La edición presenta la cubierta desprendida aQM336 aTexto en : francés14aNovela españolayÉpoca clásica, 1500-170014aLiteratura españolayÉpoca clásica, 1500-170014aNovela españolaySiglo XVII14aDon Quijote (Personaje ficticio)eNovela1 aSaint-Martin, Francois Filleau ded1632-1695eTraductor0 aEl Ingenioso Hidalgo Don Quijote de la Mancha